Cities With the Most Five-Star Hotels - Statistics

General Stats
  • This quiz has been taken 2,975 times
  • The average score is 8 of 10
Answer Stats
Hotels City % Correct
59 New York City
98%
56 Paris
97%
75 London
96%
39 Los Angeles
93%
61 Dubai
84%
32 Rome
84%
33 Shanghai
66%
46 Miami
62%
32 Washington, D.C.
42%
33 Bangkok
38%
No matching quizzes found
Score Distribution
Percent of People with Each Score
Percentile by Number Answered
Your Score History
You have not taken this quiz